<?xml version="1.0" encoding="UTF-8"?>
<record
    xmlns:xsi="http://www.w3.org/2001/XMLSchema-instance"
    xsi:schemaLocation="http://www.loc.gov/MARC21/slim http://www.loc.gov/standards/marcxml/schema/MARC21slim.xsd"
    xmlns="http://www.loc.gov/MARC21/slim">

  <leader>00965nam a22002297a 4500</leader>
  <datafield tag="999" ind1=" " ind2=" ">
    <subfield code="c">102477</subfield>
    <subfield code="d">102477</subfield>
  </datafield>
  <controlfield tag="005">20230301122122.0</controlfield>
  <datafield tag="010" ind1=" " ind2=" ">
    <subfield code="a">1617EN  ENG-116722   ENG-136262</subfield>
  </datafield>
  <datafield tag="020" ind1=" " ind2=" ">
    <subfield code="a">9788184846003</subfield>
    <subfield code="c">1280.00</subfield>
  </datafield>
  <datafield tag="035" ind1=" " ind2=" ">
    <subfield code="a">B-651979-984</subfield>
  </datafield>
  <datafield tag="035" ind1=" " ind2=" ">
    <subfield code="a">B-666214</subfield>
  </datafield>
  <datafield tag="035" ind1=" " ind2=" ">
    <subfield code="a">EN-100254  EN-119794</subfield>
  </datafield>
  <datafield tag="037" ind1=" " ind2=" ">
    <subfield code="b">Pragati</subfield>
  </datafield>
  <datafield tag="082" ind1=" " ind2=" ">
    <subfield code="a">172.0954</subfield>
  </datafield>
  <datafield tag="245" ind1=" " ind2=" ">
    <subfield code="a">Ethical facets of governance /</subfield>
    <subfield code="c">ed by Renu Kapila</subfield>
  </datafield>
  <datafield tag="260" ind1=" " ind2=" ">
    <subfield code="a">New Delhi</subfield>
    <subfield code="b">Regal Pub</subfield>
    <subfield code="c">2016</subfield>
  </datafield>
  <datafield tag="270" ind1=" " ind2=" ">
    <subfield code="a">F-159, Rajouri Garden</subfield>
    <subfield code="b">New Delhi</subfield>
    <subfield code="e">110027</subfield>
  </datafield>
  <datafield tag="300" ind1=" " ind2=" ">
    <subfield code="a">xvi,268p.</subfield>
    <subfield code="b">22cm(HB)</subfield>
    <subfield code="c">ill.</subfield>
  </datafield>
  <datafield tag="700" ind1=" " ind2=" ">
    <subfield code="a"> Renu Kapila</subfield>
  </datafield>
  <datafield tag="942" ind1=" " ind2=" ">
    <subfield code="2">ddc</subfield>
    <subfield code="c">EN</subfield>
    <subfield code="h">172.0954</subfield>
    <subfield code="m">ETH</subfield>
  </datafield>
  <datafield tag="952" ind1=" " ind2=" ">
    <subfield code="0">0</subfield>
    <subfield code="1">0</subfield>
    <subfield code="4">0</subfield>
    <subfield code="7">1</subfield>
    <subfield code="8">NFIC</subfield>
    <subfield code="a">DBAD</subfield>
    <subfield code="b">BN</subfield>
    <subfield code="d">2016-11-30</subfield>
    <subfield code="e">DBAD/PUB</subfield>
    <subfield code="g">1280.00</subfield>
    <subfield code="l">0</subfield>
    <subfield code="o">172.0954 ETH</subfield>
    <subfield code="p">EN-100254</subfield>
    <subfield code="r">2016-11-30 00:00:00</subfield>
    <subfield code="t">1</subfield>
    <subfield code="v">1280.00</subfield>
    <subfield code="y">EN</subfield>
  </datafield>
  <datafield tag="952" ind1=" " ind2=" ">
    <subfield code="0">0</subfield>
    <subfield code="1">0</subfield>
    <subfield code="4">0</subfield>
    <subfield code="7">0</subfield>
    <subfield code="8">NFIC</subfield>
    <subfield code="a">L</subfield>
    <subfield code="b">L</subfield>
    <subfield code="d">2017-02-14</subfield>
    <subfield code="e">BPPD/EN/2016-17/300/24.11.2016/IN341/2.12.2017/4.1.2017</subfield>
    <subfield code="g">1280.00</subfield>
    <subfield code="l">13</subfield>
    <subfield code="m">10</subfield>
    <subfield code="o">172.0954 ETH</subfield>
    <subfield code="p">B-651979</subfield>
    <subfield code="r">2023-01-20 00:00:00</subfield>
    <subfield code="s">2022-12-21</subfield>
    <subfield code="t">1</subfield>
    <subfield code="v">1280.00</subfield>
    <subfield code="y">EN</subfield>
  </datafield>
  <datafield tag="952" ind1=" " ind2=" ">
    <subfield code="0">0</subfield>
    <subfield code="1">0</subfield>
    <subfield code="4">0</subfield>
    <subfield code="7">0</subfield>
    <subfield code="8">NFIC</subfield>
    <subfield code="a">BL1</subfield>
    <subfield code="b">BL1</subfield>
    <subfield code="d">2017-02-14</subfield>
    <subfield code="e">BPPD/EN/2016-17/300/24.11.2016/IN341/2.12.2017/4.1.2017</subfield>
    <subfield code="g">1280.00</subfield>
    <subfield code="l">8</subfield>
    <subfield code="m">4</subfield>
    <subfield code="o">172.0954 ETH</subfield>
    <subfield code="p">B-651980</subfield>
    <subfield code="r">2022-01-21 00:00:00</subfield>
    <subfield code="s">2021-12-28</subfield>
    <subfield code="t">1</subfield>
    <subfield code="v">1280.00</subfield>
    <subfield code="y">EN</subfield>
  </datafield>
  <datafield tag="952" ind1=" " ind2=" ">
    <subfield code="0">0</subfield>
    <subfield code="1">0</subfield>
    <subfield code="4">0</subfield>
    <subfield code="7">0</subfield>
    <subfield code="8">NFIC</subfield>
    <subfield code="a">KGM</subfield>
    <subfield code="b">KGM</subfield>
    <subfield code="d">2017-02-14</subfield>
    <subfield code="e">BPPD/EN/2016-17/300/24.11.2016/IN341/2.12.2017/4.1.2017</subfield>
    <subfield code="g">1280.00</subfield>
    <subfield code="l">1</subfield>
    <subfield code="o">172.0954 ETH</subfield>
    <subfield code="p">B-651981</subfield>
    <subfield code="r">2019-10-15 00:00:00</subfield>
    <subfield code="s">2019-10-07</subfield>
    <subfield code="t">1</subfield>
    <subfield code="v">1280.00</subfield>
    <subfield code="y">EN</subfield>
  </datafield>
  <datafield tag="952" ind1=" " ind2=" ">
    <subfield code="0">0</subfield>
    <subfield code="1">0</subfield>
    <subfield code="4">0</subfield>
    <subfield code="7">0</subfield>
    <subfield code="8">NFIC</subfield>
    <subfield code="a">JP</subfield>
    <subfield code="b">JP</subfield>
    <subfield code="d">2017-02-14</subfield>
    <subfield code="e">BPPD/EN/2016-17/300/24.11.2016/IN341/2.12.2017/4.1.2017</subfield>
    <subfield code="g">1280.00</subfield>
    <subfield code="l">19</subfield>
    <subfield code="m">6</subfield>
    <subfield code="o">172.0954 ETH</subfield>
    <subfield code="p">B-651982</subfield>
    <subfield code="r">2025-03-21 00:00:00</subfield>
    <subfield code="s">2025-01-27</subfield>
    <subfield code="t">1</subfield>
    <subfield code="v">1280.00</subfield>
    <subfield code="y">EN</subfield>
  </datafield>
  <datafield tag="952" ind1=" " ind2=" ">
    <subfield code="0">0</subfield>
    <subfield code="1">0</subfield>
    <subfield code="4">0</subfield>
    <subfield code="7">0</subfield>
    <subfield code="8">NFIC</subfield>
    <subfield code="a">BL4</subfield>
    <subfield code="b">BL4</subfield>
    <subfield code="d">2017-02-14</subfield>
    <subfield code="e">BPPD/EN/2016-17/300/24.11.2016/IN341/2.12.2017/4.1.2017</subfield>
    <subfield code="g">1280.00</subfield>
    <subfield code="l">5</subfield>
    <subfield code="m">4</subfield>
    <subfield code="o">172.0954 ETH</subfield>
    <subfield code="p">B-651983</subfield>
    <subfield code="r">2023-10-25 00:00:00</subfield>
    <subfield code="s">2023-09-23</subfield>
    <subfield code="t">1</subfield>
    <subfield code="v">1280.00</subfield>
    <subfield code="y">EN</subfield>
  </datafield>
  <datafield tag="952" ind1=" " ind2=" ">
    <subfield code="0">0</subfield>
    <subfield code="1">0</subfield>
    <subfield code="4">0</subfield>
    <subfield code="7">0</subfield>
    <subfield code="8">NFIC</subfield>
    <subfield code="a">YV</subfield>
    <subfield code="b">YV</subfield>
    <subfield code="d">2017-02-14</subfield>
    <subfield code="e">BPPD/EN/2016-17/300/24.11.2016/IN341/2.12.2017/4.1.2017</subfield>
    <subfield code="g">1280.00</subfield>
    <subfield code="l">2</subfield>
    <subfield code="o">172.0954 ETH</subfield>
    <subfield code="p">B-651984</subfield>
    <subfield code="r">2021-09-02 00:00:00</subfield>
    <subfield code="s">2021-08-21</subfield>
    <subfield code="t">1</subfield>
    <subfield code="v">1280.00</subfield>
    <subfield code="y">EN</subfield>
  </datafield>
  <datafield tag="952" ind1=" " ind2=" ">
    <subfield code="0">0</subfield>
    <subfield code="1">0</subfield>
    <subfield code="4">0</subfield>
    <subfield code="7">0</subfield>
    <subfield code="8">NFIC</subfield>
    <subfield code="a">AV</subfield>
    <subfield code="b">AV</subfield>
    <subfield code="d">2017-07-19</subfield>
    <subfield code="e">BPPD/EN/2016-17/AV/2016-17/466/15.02.2017/567/28.02.2017/10.03.17</subfield>
    <subfield code="g">1280.00</subfield>
    <subfield code="l">2</subfield>
    <subfield code="m">1</subfield>
    <subfield code="o">172.0954 ETH</subfield>
    <subfield code="p">B-666214</subfield>
    <subfield code="r">2024-12-30 00:00:00</subfield>
    <subfield code="s">2024-12-11</subfield>
    <subfield code="t">1</subfield>
    <subfield code="v">1280.00</subfield>
    <subfield code="y">EN</subfield>
  </datafield>
  <datafield tag="952" ind1=" " ind2=" ">
    <subfield code="0">0</subfield>
    <subfield code="1">0</subfield>
    <subfield code="4">0</subfield>
    <subfield code="7">0</subfield>
    <subfield code="8">NFIC</subfield>
    <subfield code="a">KV</subfield>
    <subfield code="b">KV</subfield>
    <subfield code="d">2023-02-28</subfield>
    <subfield code="e">DBAD/PUB</subfield>
    <subfield code="g">1280.00</subfield>
    <subfield code="l">0</subfield>
    <subfield code="o">172.0954 ETH</subfield>
    <subfield code="p">EN-119794</subfield>
    <subfield code="r">2023-02-28 00:00:00</subfield>
    <subfield code="t">1</subfield>
    <subfield code="v">1280.00</subfield>
    <subfield code="y">EN</subfield>
  </datafield>
</record>
